[Event "Trapani Province-ch"]
[Site "Erice"]
[Date "2012.01.29"]
[Round "6"]
[White "Marino, Gabriele"]
[Black "Gigante, Giovanni"]
[Result "0-1"]
[WhiteElo "1419"]
[BlackElo "1873"]
[PlyCount "52"]
[EventDate "2012.01.15"]
[EventType "swiss"]
[EventRounds "6"]
[EventCountry "ITA"]
[SourceTitle "EXT 2024"]
[Source "ChessBase"]
[SourceDate "2023.10.10"]
[SourceVersion "1"]
[SourceVersionDate "2023.10.10"]
[SourceQuality "1"]

1. e4 e5 2. Nf3 Nc6 3. Bc4 Bc5 4. d3 Nf6 5. Nc3 a6 6. 0-0 0-0 7. Bg5 h6 8. Bh4 Be7 9. Bxf6 Bxf6 10. Nd5 d6 11. c3 Na5 12. Qa4 Nxc4 13. Qxc4 c6 14. Nxf6+ Qxf6 15. d4 Bg4 16. dxe5 dxe5 17. Nd2 Rad8 18. Nb3 Qg5 19. Nc5 Bh3 20. g3 Qg4 21. f3 Bxf1 22. Rxf1 Qc8 23. Qb4 Rd2 24. g4 Qd8 25. Nxb7 Qh4 26. h3 Qg3+ 0-1